HTML a XHTML Kompletní průvodce
Guardado en:
| Autores principales: | , |
|---|---|
| Formato: | Libro |
| Lenguaje: | checo inglés |
| Publicado: |
Praha
Computer Press
2000
|
| Edición: | 1. vyd. |
| Materias: | |
| Acceso en línea: | Ver en el OPAC |
| Etiquetas: |
Sin Etiquetas, Sea el primero en etiquetar este registro!
|
MARC
| LEADER | 00000nam a2200000 a 4500 | ||
|---|---|---|---|
| 005 | 20260127134259.0 | ||
| 008 | 060405s2000 xo cze d | ||
| 020 | |a 8072264079 (brož.) |c 713.00 | ||
| 035 | |a vtls008679800 | ||
| 035 | |a MIZKGZ64520 | ||
| 039 | 9 | |a 200604070213 |b VLOAD |y 200604031513 |z VLOAD | |
| 040 | |a MIZKGZ |b slo |c MIZKGZ | ||
| 041 | 1 | |a cze |h eng | |
| 080 | |a 519.682 | ||
| 100 | 1 | |a Musciano, Chuck | |
| 245 | 1 | |a HTML a XHTML |b Kompletní průvodce |c Chuck Musciano | |
| 250 | |a 1. vyd. | ||
| 260 | |a Praha |b Computer Press |c 2000 | ||
| 300 | |a 633 s. brož. | ||
| 650 | 0 | 7 | |a programovacie jazyky |2 MIZKGZ |
| 650 | 0 | 7 | |a osobné počítače |2 MIZKGZ |
| 650 | 0 | 7 | |a HTML |2 MIZKGZ |
| 650 | 0 | 7 | |a XHTML |2 MIZKGZ |
| 650 | 0 | 7 | |a počítačové programy |2 MIZKGZ |
| 700 | 1 | |a Kennedy, Bill |4 aut | |
| 910 | |a mizkgz | ||
| 919 | |a 80-7226-407-9 | ||
| 999 | |c 8637 |d 8637 | ||